000 01080cam a2200229 4500
001 ABS68869
008 050318n2005 000 0 eng u
035 _a(Sirsi) u129109
100 _aNieboer
_vN.
245 _aHow strategic is housing asset managment of institutional real estate investors?
260 _c2005
490 _aProperty Management
_v23(1) 2005, 22-32(11)
520 _aPaper attempts to identify the increasingly business like approaches in the housing sectors that are taking place in many European countries. Interviews were conducted with several large real estate investors and results show that investment allocations are only partly rationalised and are not based on intuition. In future, individual estates can be selected for case study in order to assess the effects of the policies in practice.
590 _aABS
650 _aNETHERLANDS
650 _aREAL ESTATE INVESTMENT
650 _aHOUSING STOCK
650 _aASSET MANAGEMENT
650 _aPORTFOLIO MANAGEMENT
690 _aPROPERTY MANAGEMENT-RESIDENTIAL PROPERTY
942 _n0
999 _c74950
_d74950